[Event "Quebec op"]
[Site "Longueuil CAN"]
[Date "2019.07.20"]
[Round "1.1"]
[White "Zhong, Kevin"]
[Black "Sambuev, Bator"]
[Result "0-1"]
[WhiteElo "2039"]
[BlackElo "2503"]
[PlyCount "100"]
[EventDate "2019.07.20"]
[EventType "swiss"]
[EventRounds "9"]
[EventCountry "CAN"]

1. e4 c5 2. Ne2 Nc6 3. Nbc3 g6 4. g3 Bg7 5. Bg2 d6 6. O-O e6 7. d3 Nge7 8. Be3
Nd4 9. Qd2 O-O 10. Nc1 f5 11. f4 Rb8 12. Nd1 e5 13. c3 Ne6 14. Ne2 b6 15. Nf2
d5 16. fxe5 dxe4 17. dxe4 Qxd2 18. Bxd2 Ba6 19. Rfe1 Rbd8 20. Rad1 fxe4 21.
Nxe4 Bxe5 22. Bh6 Rxd1 23. Rxd1 Bxe2 24. Re1 Bb5 25. Nf2 Bg7 26. Bxg7 Kxg7 27.
Rxe6 Nf5 28. g4 Nh4 29. Bd5 Re8 30. Rxe8 Bxe8 31. Ne4 Nf3+ 32. Kf2 Ne5 33. Kg3
Bf7 34. Bxf7 Kxf7 35. b3 h6 36. c4 Ke6 37. Nc3 Nd3 38. Nb5 a6 39. Nc7+ Kd6 40.
Nd5 Nc1 41. Nxb6 Nxa2 42. Nd5 Nc1 43. b4 Nd3 44. bxc5+ Kxc5 45. g5 hxg5 46. Kg4
a5 47. Kxg5 a4 48. Kxg6 a3 49. Nc3 Kxc4 50. Na2 Kb3 0-1

[Event "Quebec op"]
[Site "Longueuil CAN"]
[Date "2019.07.20"]
[Round "1.3"]
[White "Libersan, Thierry"]
[Black "Roussel-Roozmon, Thomas"]
[Result "0-1"]
[WhiteElo "2017"]
[BlackElo "2463"]
[PlyCount "136"]
[EventDate "2019.07.20"]
[EventType "swiss"]
[EventRounds "9"]
[EventCountry "CAN"]

1. d4 Nf6 2. Bf4 d5 3. e3 c5 4. c3 Nc6 5. Nd2 Bg4 6. f3 Bf5 7. g4 Bg6 8. h4 h5
9. g5 Nd7 10. Bb5 Qb6 11. Qb3 e6 12. Ne2 a6 13. Ba4 Be7 14. Bg3 cxd4 15. exd4
Rc8 16. Kf2 Qa7 17. Bxc6 Rxc6 18. a4 Qb6 19. a5 Qxb3 20. Nxb3 b5 21. Nf4 Bf5
22. Rhe1 Nf8 23. Nc1 Ng6 24. Ncd3 Nxf4 25. Nxf4 Kd7 26. Re3 b4 27. Rae1 bxc3
28. bxc3 Bd6 29. R1e2 g6 30. Rb2 Rhc8 31. Rb7+ R8c7 32. Rxc7+ Bxc7 33. Nd3 Bxd3
34. Bxc7 Rxc7 35. Rxd3 Rb7 36. Ke3 Rb5 37. Rd2 Rxa5 38. Rb2 Kc7 39. Kf4 Ra3 40.
Rc2 Kd6 41. c4 dxc4 42. Rxc4 a5 43. Rc8 a4 44. Ra8 Kd5 45. Rd8+ Kc4 46. Rd7 Rd3
47. Ke4 Rd1 48. Rc7+ Kb3 49. Rb7+ Kc3 50. Rc7+ Kb3 51. Rb7+ Kc3 52. Rc7+ Kb2
53. Rb7+ Ka2 54. Rxf7 Re1+ 55. Kf4 a3 56. Rb7 Ka1 57. Rb5 a2 58. Rb6 Re2 59.
Rb5 Rb2 60. Ra5 Rb6 61. Ke5 Kb2 62. Kf6 a1=Q 63. Rxa1 Kxa1 64. Kxg6 e5+ 65. Kf5
exd4 66. Ke4 Rb3 67. f4 d3 68. Ke3 d2+ 0-1

[Event "Quebec op"]
[Site "Longueuil CAN"]
[Date "2019.07.20"]
[Round "1.4"]
[White "Vera, Reynaldo"]
[Black "Zheng, Richard"]
[Result "1-0"]
[WhiteElo "2424"]
[BlackElo "1993"]
[PlyCount "131"]
[EventDate "2019.07.20"]
[EventType "swiss"]
[EventRounds "9"]
[EventCountry "CAN"]

1. d4 d5 2. Nf3 Nf6 3. c4 c6 4. cxd5 cxd5 5. Nc3 Nc6 6. Bf4 Bf5 7. e3 a6 8. Ne5
Qb6 9. Nxc6 bxc6 10. Qb3 Nd7 11. Be2 e6 12. O-O Be7 13. Rfc1 O-O 14. Qxb6 Nxb6
15. Bc7 Nd7 16. Na4 Rfc8 17. Rxc6 Nb8 18. Rcc1 Nd7 19. g4 Bg6 20. Rc6 Nb8 21.
Rcc1 Nd7 22. a3 Ra7 23. Bg3 Rca8 24. b4 Bf6 25. Rc6 e5 26. Rac1 exd4 27. Rc8+
Rxc8 28. Rxc8+ Nf8 29. exd4 h5 30. Bd6 Be7 31. Bb8 Rd7 32. Bc7 Bd6 33. Bxd6
Rxd6 34. gxh5 Bf5 35. Ra8 Re6 36. Nc3 Bh3 37. Rxa6 Re8 38. f3 Ne6 39. Bb5 Rb8
40. Bd7 Nf4 41. Bxh3 Nxh3+ 42. Kf1 Ng5 43. Nxd5 Nxf3 44. Ne7+ Kh7 45. Nc6 Rb5
46. Ra5 Rb6 47. Rc5 Nd2+ 48. Ke1 Ne4 49. Rc2 Ra6 50. Na5 f5 51. Nc4 f4 52. b5
Rf6 53. b6 f3 54. b7 Rf8 55. Rb2 Rb8 56. a4 Nc3 57. a5 f2+ 58. Kf1 Nd1 59. Rb3
Re8 60. Nd2 Re1+ 61. Kg2 Rg1+ 62. Kf3 f1=Q+ 63. Nxf1 Rxf1+ 64. Ke2 Rf2+ 65.
Kxd1 g6 66. b8=Q 1-0

[Event "Quebec op"]
[Site "Longueuil CAN"]
[Date "2019.07.20"]
[Round "1.5"]
[White "Nunez, Omar"]
[Black "Chiku-Ratte, Olivier-Kenta"]
[Result "0-1"]
[WhiteElo "1963"]
[BlackElo "2364"]
[PlyCount "56"]
[EventDate "2019.07.20"]
[EventType "swiss"]
[EventRounds "9"]
[EventCountry "CAN"]

1. f4 Nf6 2. Nf3 g6 3. g3 Bg7 4. Bg2 O-O 5. O-O d5 6. d3 c5 7. Nc3 d4 8. Ne4
Qb6 9. Ne5 Be6 10. Kh1 Nxe4 11. Bxe4 Qc7 12. Bg2 Nd7 13. Nxd7 Qxd7 14. e4 dxe3
15. Bxe3 Rac8 16. Qf3 b6 17. c3 Bg4 18. Qf2 Qxd3 19. h3 Be6 20. Rfd1 Qc4 21.
Bf1 Qa4 22. b3 Qa5 23. g4 Rfd8 24. f5 Bd5+ 25. Rxd5 Rxd5 26. fxg6 Qxc3 27.
Qxf7+ Kh8 28. Re1 Qxe1 0-1

[Event "Quebec op"]
[Site "Longueuil CAN"]
[Date "2019.07.20"]
[Round "1.7"]
[White "Boulay, David"]
[Black "Cummings, David"]
[Result "0-1"]
[WhiteElo "1946"]
[BlackElo "2340"]
[PlyCount "128"]
[EventDate "2019.07.20"]
[EventType "swiss"]
[EventRounds "9"]
[EventCountry "CAN"]

1. d4 Nf6 2. Nf3 d5 3. c4 e6 4. Nc3 Be7 5. Bg5 h6 6. Bh4 O-O 7. e3 b6 8. cxd5
Nxd5 9. Bxe7 Qxe7 10. Nxd5 exd5 11. Be2 Be6 12. O-O c5 13. dxc5 bxc5 14. Qa4
Rc8 15. Rfd1 Nd7 16. Rac1 Qf6 17. Qc2 Rab8 18. b3 a5 19. Qc3 Qd8 20. h3 Nf6 21.
Bd3 Qb6 22. Bb1 Ra8 23. Bc2 Qb4 24. Qe5 Re8 25. Qa1 Rac8 26. a3 Qb6 27. Rb1
Rcd8 28. Qc3 Rc8 29. Qd2 Ne4 30. Qe1 Nd6 31. a4 Qb4 32. Qxb4 axb4 33. Rd2 Nb7
34. e4 dxe4 35. Bxe4 Na5 36. Bd5 Bxd5 37. Rxd5 Red8 38. Rd2 Rxd2 39. Nxd2 Rd8
40. Rb2 Rd3 41. Kf1 f5 42. Ke2 Rc3 43. Kd1 Kf7 44. Rc2 Rd3 45. Kc1 Ke6 46. Rxc5
Rxd2 47. Rxa5 Rxf2 48. Ra6+ Ke5 49. Rg6 Kd4 50. Rxg7 f4 51. a5 Kc3 52. Rc7+
Kxb3 53. a6 Rxg2 54. a7 Ra2 55. Kb1 Ra3 56. Rf7 Kc3 57. Rxf4 Rxa7 58. Rf6 Re7
59. Rf3+ Kd4 60. Rb3 Kc4 61. Rg3 Re2 62. Rg6 h5 63. Rg5 h4 64. Rg4+ Kc3 0-1

[Event "Quebec op"]
[Site "Longueuil CAN"]
[Date "2019.07.20"]
[Round "1.8"]
[White "Kaufman, Raymond"]
[Black "Poulin, Maurice"]
[Result "1-0"]
[WhiteElo "2301"]
[BlackElo "1944"]
[PlyCount "83"]
[EventDate "2019.07.20"]
[EventType "swiss"]
[EventRounds "9"]
[EventCountry "CAN"]

1. d4 g6 2. e4 Bg7 3. c4 Nc6 4. Be3 d6 5. Nc3 e5 6. Nge2 Nh6 7. d5 Ne7 8. f3 f5
9. Qd2 Nf7 10. O-O-O b6 11. Kb1 h5 12. Nc1 Bh6 13. Bxh6 Rxh6 14. Bd3 f4 15. g3
g5 16. h4 Ng6 17. gxf4 Nxf4 18. Bc2 gxh4 19. Rdg1 Kf8 20. Nd3 Nxd3 21. Bxd3 Qf6
22. Nb5 a6 23. Nxc7 Ra7 24. Ne6+ Bxe6 25. dxe6 Nh8 26. Qb4 Qd8 27. Rxh4 Ng6 28.
Rh3 h4 29. Rg4 Nf4 30. Qd2 Rg7 31. Rxf4+ exf4 32. Qxf4+ Qf6 33. Qxd6+ Re7 34.
Qd8+ Kg7 35. e5 Qxe6 36. Rh1 Kf7 37. Rg1 Re8 38. Qg5 Reh8 39. Qg7+ Ke8 40. Bg6+
Kd8 41. Rd1+ Kc8 42. Be4 1-0

[Event "Quebec op"]
[Site "Longueuil CAN"]
[Date "2019.07.20"]
[Round "1.9"]
[White "Jacquet, Stephane"]
[Black "Zhu, Hong Rui"]
[Result "1-0"]
[WhiteElo "1915"]
[BlackElo "2275"]
[PlyCount "69"]
[EventDate "2019.07.20"]
[EventType "swiss"]
[EventRounds "9"]
[EventCountry "CAN"]

1. d4 d5 2. c4 e6 3. Nc3 c6 4. e4 dxe4 5. Nxe4 Bb4+ 6. Bd2 Qxd4 7. Bxb4 Qxe4+
8. Be2 Na6 9. Ba5 b6 10. Bc3 Ne7 11. Qd2 e5 12. Nf3 f6 13. O-O Bf5 14. Rad1 O-O
15. Rfe1 Rfe8 16. Qd6 Nc8 17. Qa3 Nc7 18. h3 Bxh3 19. gxh3 Qf5 20. Nh2 Ne6 21.
Bg4 Qg6 22. Kh1 Nf4 23. Rg1 Qe4+ 24. Bf3 Qxc4 25. Rg3 Ne7 26. Ng4 Kh8 27. Ne3
Qf7 28. Rd7 Qe6 29. Rd6 Qc8 30. Qb3 Nxh3 31. Qf7 Ng5 32. Rxg5 fxg5 33. Bxe5 Rg8
34. Rh6 Qe8 35. Be4 1-0

[Event "Quebec op"]
[Site "Longueuil CAN"]
[Date "2019.07.20"]
[Round "1.10"]
[White "Yagiz, Bora"]
[Black "Duong, Thanh Nha"]
[Result "0-1"]
[WhiteElo "1889"]
[BlackElo "2230"]
[PlyCount "98"]
[EventDate "2019.07.20"]
[EventType "swiss"]
[EventRounds "9"]
[EventCountry "CAN"]

1. e4 c5 2. Nf3 Nc6 3. Bb5 e6 4. Bxc6 dxc6 5. d3 Ne7 6. h4 h5 7. Bg5 f6 8. Be3
Ng6 9. Nbd2 e5 10. Nb3 b6 11. Nfd2 Bg4 12. f3 Be6 13. a4 a5 14. Nc4 Be7 15. Qd2
Qc7 16. Qf2 Kf7 17. g3 Rhb8 18. Ncd2 Kg8 19. Ke2 Bf8 20. Rag1 Qf7 21. Ke1 Bxb3
22. Nxb3 c4 23. Nc1 b5 24. axb5 cxb5 25. Kf1 a4 26. Kg2 b4 27. Ne2 a3 28. bxa3
bxa3 29. d4 exd4 30. Bxd4 Ne5 31. Ra1 Nc6 32. Bc3 Bd6 33. Ra2 Nb4 34. Bxb4 Bxb4
35. Rha1 Qc7 36. Nd4 Bc3 37. Rd1 Rb2 38. Rda1 Rxa2 39. Rxa2 Bb2 40. Qd2 c3 41.
Qe2 Qf7 42. Nb3 Rd8 43. Kf2 Rd6 44. Qb5 Rd8 45. f4 Qa7+ 46. Kg2 Qe3 47. Na5
Qxe4+ 48. Kg1 Qe1+ 49. Kg2 Rd2+ 0-1

[Event "Quebec op"]
[Site "Longueuil CAN"]
[Date "2019.07.20"]
[Round "1.11"]
[White "Voskanyan, Vahagn"]
[Black "Beaudry, Marc-Andre"]
[Result "1-0"]
[WhiteElo "2205"]
[BlackElo "1848"]
[PlyCount "77"]
[EventDate "2019.07.20"]
[EventType "swiss"]
[EventRounds "9"]
[EventCountry "CAN"]

1. c4 Nf6 2. g3 c5 3. Bg2 d5 4. cxd5 Nxd5 5. Nc3 Nc7 6. d3 e5 7. Be3 Qd7 8. Ne4
Ne6 9. Rc1 Na6 10. Nf3 f6 11. h4 Be7 12. Bh3 b6 13. Qb3 Nac7 14. Nc3 O-O 15.
Bf5 Bb7 16. Be4 Rab8 17. h5 Rf7 18. Nh4 f5 19. Bxb7 Rxb7 20. Nf3 Bf6 21. a4 Nd4
22. Bxd4 exd4 23. Na2 Nd5 24. Rc2 Kh8 25. Qc4 a5 26. Nc1 Rb8 27. Kd1 Ra8 28.
Rd2 Re7 29. Kc2 Nb4+ 30. Kb3 Rb8 31. Qb5 Qe6+ 32. Ka3 Rc7 33. b3 Nd5 34. Qc4
Qd6 35. Kb2 b5 36. axb5 Rcb7 37. Kc2 Nc3 38. Nh4 Re8 39. Ng6+ 1-0

[Event "Quebec op"]
[Site "Longueuil CAN"]
[Date "2019.07.20"]
[Round "1.12"]
[White "Trottier, Alain"]
[Black "Huang, Qiuyu"]
[Result "1/2-1/2"]
[WhiteElo "1829"]
[BlackElo "2181"]
[PlyCount "51"]
[EventDate "2019.07.20"]
[EventType "swiss"]
[EventRounds "9"]
[EventCountry "CAN"]

1. Nf3 f5 2. g3 Nf6 3. Bg2 g6 4. O-O Bg7 5. d3 O-O 6. Nbd2 d6 7. c3 Nc6 8. b4
a6 9. Bb2 e5 10. a3 h6 11. e4 g5 12. Re1 f4 13. d4 Qe8 14. Qb3+ Kh7 15. a4 Nh5
16. b5 Ne7 17. Nc4 Qf7 18. b6 g4 19. Nfd2 fxg3 20. fxg3 Qf2+ 21. Kh1 Nxg3+ 22.
hxg3 Qxg3 23. Re3 Qh4+ 24. Kg1 Qf2+ 25. Kh1 Qh4+ 26. Kg1 1/2-1/2

[Event "Quebec op"]
[Site "Longueuil CAN"]
[Date "2019.07.20"]
[Round "1.13"]
[White "Masse, Hugues"]
[Black "Richard, Leo"]
[Result "1-0"]
[WhiteElo "2168"]
[BlackElo "1813"]
[PlyCount "63"]
[EventDate "2019.07.20"]
[EventType "swiss"]
[EventRounds "9"]
[EventCountry "CAN"]

1. e4 c5 2. Nf3 Nc6 3. d4 cxd4 4. Nxd4 Nf6 5. Nc3 e5 6. Ndb5 d6 7. Bg5 a6 8.
Na3 b5 9. Nd5 Be7 10. Bxf6 Bxf6 11. c4 b4 12. Nc2 Rb8 13. g3 Bg5 14. h4 Bh6 15.
Bh3 Bxh3 16. Rxh3 O-O 17. Kf1 g6 18. Kg2 Bg7 19. h5 f5 20. hxg6 hxg6 21. exf5
Rxf5 22. Nce3 Rg5 23. Qd3 Qf8 24. Qe4 Nd4 25. Rf1 Re8 26. Nxb4 Ne6 27. Kh2 Qf7
28. Nbd5 Rh5 29. Rxh5 gxh5 30. Qf5 Qxf5 31. Nxf5 Bf8 32. Nf6+ 1-0

[Event "Quebec op"]
[Site "Longueuil CAN"]
[Date "2019.07.20"]
[Round "1.14"]
[White "Vignalou, Joseph"]
[Black "Feoktistov, Dmitri"]
[Result "0-1"]
[WhiteElo "1732"]
[BlackElo "2139"]
[PlyCount "51"]
[EventDate "2019.07.20"]
[EventType "swiss"]
[EventRounds "9"]
[EventCountry "CAN"]

1. e4 c5 2. Nf3 d6 3. d4 cxd4 4. Nxd4 Nf6 5. Nc3 a6 6. Be3 e5 7. Nb3 Be6 8. f3
b5 9. a4 Nbd7 10. Be2 Be7 11. O-O O-O 12. Kh1 Nb6 13. Qd2 Rc8 14. Rfd1 Qc7 15.
Rac1 Rfd8 16. Qe1 d5 17. a5 Nc4 18. Bxc4 dxc4 19. Bb6 Rxd1 20. Rxd1 Qc6 21. Nc1
Bc5 22. Nd5 Bxd5 23. exd5 Nxd5 24. Bxc5 Qxc5 25. Qxe5 Ne3 26. Rd8+ 0-1

[Event "Quebec op"]
[Site "Longueuil CAN"]
[Date "2019.07.20"]
[Round "1.15"]
[White "Martinez Mulet, Dario Leonel"]
[Black "Craciun, David"]
[Result "1-0"]
[WhiteElo "2123"]
[BlackElo "1720"]
[PlyCount "77"]
[EventDate "2019.07.20"]
[EventType "swiss"]
[EventRounds "9"]
[EventCountry "CAN"]

1. d4 d5 2. c4 e6 3. Nc3 Be7 4. Nf3 Nf6 5. Bg5 O-O 6. e3 Nbd7 7. cxd5 exd5 8.
Bd3 Re8 9. O-O Nf8 10. Qc2 h6 11. Bh4 c6 12. Rab1 b6 13. b4 Bb7 14. Rfd1 Ne6
15. Ne5 Rc8 16. Bf5 Qc7 17. Rdc1 Red8 18. Qd3 Qb8 19. Bxe6 fxe6 20. Qg6 Rf8 21.
Nd7 Nxd7 22. Qxe6+ Rf7 23. Bxe7 Re8 24. Qxd7 Rexe7 25. Qg4 Qf8 26. Rb2 Bc8 27.
Qg3 Bf5 28. Ne2 Rf6 29. Nf4 Ref7 30. Rc3 Kh7 31. a4 g5 32. Nd3 h5 33. Ne5 Rg7
34. Rxc6 Be6 35. h4 gxh4 36. Qxh4 Kh6 37. Rbc2 Rg5 38. f4 Rg7 39. f5 1-0

[Event "Quebec op"]
[Site "Longueuil CAN"]
[Date "2019.07.20"]
[Round "1.17"]
[White "Yan, Alex Jikai"]
[Black "Luksza, Arkadiusz"]
[Result "0-1"]
[WhiteElo "1417"]
[BlackElo "2098"]
[PlyCount "144"]
[EventDate "2019.07.20"]
[EventType "swiss"]
[EventRounds "9"]
[EventCountry "CAN"]

1. e4 g6 2. d4 Bg7 3. c4 d6 4. Nf3 e5 5. dxe5 dxe5 6. Bd3 Ne7 7. Nc3 O-O 8. Be3
Nbc6 9. Qd2 Nd4 10. Bxd4 exd4 11. Ne2 c5 12. O-O Nc6 13. Ne1 Ne5 14. b3 Ng4 15.
h3 Bh6 16. Qd1 Ne5 17. f4 Nxd3 18. Nxd3 Qe7 19. Ng3 b6 20. Qe2 Bb7 21. Rae1
Rae8 22. Qg4 Kh8 23. Rf2 Bc8 24. Qf3 Qh4 25. Rfe2 Bb7 26. Qg4 Qxg4 27. hxg4 f6
28. Nf1 Bc8 29. Nh2 Kg8 30. g3 Re7 31. Nf2 Rfe8 32. Nf1 Bg7 33. Nd2 Bd7 34. a4
a6 35. Rc1 Bc8 36. Nf3 Bb7 37. Nd2 Bc6 38. Kh2 Kf7 39. Kg1 Rh8 40. Nf3 Ra8 41.
Nd2 Ree8 42. Nh3 Bf8 43. Kh2 Bd7 44. Nf2 Bd6 45. Rce1 Bc7 46. Rc1 Rh8 47. Nf3
Rae8 48. Kg1 Bc6 49. Ree1 h6 50. Kh2 g5 51. f5 Re7 52. Kg2 Rhe8 53. Nd2 Kg7 54.
Kh2 Rh8 55. Kg2 Ree8 56. Rh1 Rh7 57. Rce1 Rhh8 58. Re2 Rb8 59. Nd3 Bd6 60. Ree1
Rhe8 61. Kf3 b5 62. axb5 axb5 63. Ra1 Ra8 64. Rhe1 b4 65. Red1 Bf8 66. Re1 Kf7
67. Kf2 Rxa1 68. Rxa1 Bxe4 69. Ra7+ Kg8 70. Nb2 Bc2 71. Ra1 Bd6 72. Ra6 Be5 0-1

[Event "Quebec op"]
[Site "Longueuil CAN"]
[Date "2019.07.20"]
[Round "1.18"]
[White "Fillion, Steve"]
[Black "Landry, Sylvain"]
[Result "1-0"]
[WhiteElo "2091"]
[BlackElo "2046"]
[PlyCount "93"]
[EventDate "2019.07.20"]
[EventType "swiss"]
[EventRounds "9"]
[EventCountry "CAN"]

1. e4 c5 2. g3 Nc6 3. Bg2 g6 4. d3 Bg7 5. f4 d6 6. Nf3 e6 7. O-O Nge7 8. c3 O-O
9. Be3 Rb8 10. d4 b6 11. Na3 Ba6 12. Re1 Qc8 13. Qd2 Rd8 14. Rad1 Re8 15. Qf2
Qc7 16. g4 f5 17. Ng5 Nd8 18. gxf5 exf5 19. e5 h6 20. exd6 Qxd6 21. dxc5 Qc7
22. cxb6 axb6 23. Nf3 Ne6 24. Nd4 Nxd4 25. Bxd4 Bxd4 26. Rxd4 Nc6 27. Rdd1 Kh7
28. Re3 Red8 29. Rde1 Rd7 30. Re6 Nd8 31. Re8 Qc5 32. R8e3 Rc8 33. b4 Qd6 34.
Qh4 Rcc7 35. Nc2 Rf7 36. Nd4 Qf6 37. Qxf6 Rxf6 38. Re8 Rd6 39. R1e7+ Rxe7 40.
Rxe7+ Kg8 41. b5 Bc8 42. Rc7 Bd7 43. Bc6 Be6 44. a4 g5 45. Kf2 Kf8 46. Ra7 Bc8
47. Ra8 1-0

[Event "Quebec op"]
[Site "Longueuil CAN"]
[Date "2019.07.20"]
[Round "1.19"]
[White "Boucher, Antoni"]
[Black "Soudre, Nicolas"]
[Result "1/2-1/2"]
[WhiteElo "1932"]
[BlackElo "2086"]
[PlyCount "63"]
[EventDate "2019.07.20"]
[EventType "swiss"]
[EventRounds "9"]
[EventCountry "CAN"]

1. d4 e6 2. Nf3 d5 3. e3 Nf6 4. Bd3 c5 5. b3 Nc6 6. Bb2 b6 7. Nbd2 Bb7 8. O-O
Be7 9. a3 O-O 10. Ne5 Qc7 11. f4 Nxe5 12. dxe5 Ne4 13. Qe2 Nxd2 14. Qxd2 c4 15.
Be2 Rac8 16. Bd4 a5 17. Rfb1 b5 18. b4 Ra8 19. a4 axb4 20. axb5 Rxa1 21. Rxa1
Ra8 22. Qc1 Bc5 23. Rxa8+ Bxa8 24. Qa1 Bb7 25. Qa4 h6 26. h3 Qb6 27. Bxc5 Qxc5
28. Qa5 d4 29. Qd8+ Kh7 30. Qxd4 Qxb5 31. Qxc4 Qb6 32. Qd4 1/2-1/2

[Event "Quebec op"]
[Site "Longueuil CAN"]
[Date "2019.07.20"]
[Round "1.22"]
[White "Rodrigue-Lemieux, Shawn"]
[Black "Tanaka, Tyler"]
[Result "0-1"]
[WhiteElo "2257"]
[BlackElo "2109"]
[PlyCount "98"]
[EventDate "2019.07.20"]
[EventType "swiss"]
[EventRounds "9"]
[EventCountry "CAN"]

1. b4 Nf6 2. Bb2 g6 3. Nf3 Bg7 4. e3 d6 5. d4 O-O 6. Be2 e5 7. O-O Nbd7 8. c4
exd4 9. Nxd4 Re8 10. Qb3 Ne4 11. a3 Qe7 12. Ra2 a5 13. Rd1 Qh4 14. g3 Qe7 15.
Bf3 Ndf6 16. Nd2 Bg4 17. Qd3 Ng5 18. Be2 Bxe2 19. Nxe2 Nh3+ 20. Kg2 Ng4 21. Rf1
Ngxf2 22. Rxf2 Nxf2 23. Kxf2 Bxb2 24. Nf4 Bg7 25. Nd5 Qd7 26. Nf3 c6 27. Nf4
Qe7 28. Re2 Qf6 29. h4 Rad8 30. Rc2 Bh6 31. b5 Rd7 32. bxc6 bxc6 33. c5 d5 34.
Qd4 Qf5 35. Rc1 Rde7 36. Re1 Re4 37. Qd2 Bg7 38. Re2 Rb8 39. Qxa5 Qd7 40. Nd3
Rb5 41. Qd2 Qc7 42. Nd4 Rb8 43. Nf3 Rbe8 44. Nb4 d4 45. Nc2 dxe3+ 46. Rxe3 Rxe3
47. Nxe3 Bh6 48. Nd5 cxd5 49. Qxh6 Qxc5+ 0-1

[Event "Quebec op"]
[Site "Longueuil CAN"]
[Date "2019.07.21"]
[Round "2.1"]
[White "Sambuev, Bator"]
[Black "Martinez Mulet, Dario Leonel"]
[Result "1-0"]
[WhiteElo "2503"]
[BlackElo "2123"]
[PlyCount "127"]
[EventDate "2019.07.20"]
[EventType "swiss"]
[EventRounds "9"]
[EventCountry "CAN"]

1. d4 d5 2. c4 c6 3. Nf3 Nf6 4. e3 e6 5. Bd3 Nbd7 6. O-O Be7 7. b3 O-O 8. Bb2
b6 9. Nc3 Bb7 10. Qe2 c5 11. cxd5 exd5 12. Rfd1 Re8 13. Rac1 a6 14. Bf5 Bd6 15.
dxc5 bxc5 16. Bxd7 Qxd7 17. Na4 Qe7 18. Bxf6 gxf6 19. Nh4 Qe4 20. Nf3 d4 21.
Nxc5 Bxc5 22. Rxc5 dxe3 23. fxe3 Qxe3+ 24. Qxe3 Rxe3 25. Kf2 Rae8 26. Rd2 Bxf3
27. gxf3 R8e6 28. Ra5 Rc3 29. Kg3 Kg7 30. Kf4 Ree3 31. Rg2+ Kf8 32. Rf2 Re6 33.
Rh5 Kg7 34. Rg2+ Kh8 35. Rd5 Rc8 36. Rd7 Rf8 37. Rgd2 Kg7 38. R2d6 Rfe8 39.
Rxe6 Rxe6 40. Ra7 Kg6 41. a3 h6 42. b4 h5 43. h4 Kg7 44. Rc7 Kg6 45. a4 Re1 46.
Rc4 Rb1 47. Ke4 Rb3 48. f4 f5+ 49. Kd5 Rh3 50. b5 axb5 51. axb5 Rxh4 52. b6 Rh1
53. Kc5 Rb1 54. Rb4 Rc1+ 55. Kb5 Rc8 56. b7 Rb8 57. Kc6 h4 58. Kc7 Rxb7+ 59.
Rxb7 Kh5 60. Kd6 Kg4 61. Ke5 f6+ 62. Kxf6 h3 63. Ke5 h2 64. Rh7 1-0

[Event "Quebec op"]
[Site "Longueuil CAN"]
[Date "2019.07.21"]
[Round "2.3"]
[White "Roussel-Roozmon, Thomas"]
[Black "Fillion, Steve"]
[Result "1-0"]
[WhiteElo "2463"]
[BlackElo "2091"]
[PlyCount "51"]
[EventDate "2019.07.20"]
[EventType "swiss"]
[EventRounds "9"]
[EventCountry "CAN"]

1. Nf3 d5 2. d4 Nf6 3. c4 e6 4. g3 Be7 5. Bg2 O-O 6. O-O Nbd7 7. Qc2 c5 8. cxd5
Nxd5 9. a3 cxd4 10. Nxd4 N7b6 11. Rd1 Bd7 12. e4 Rc8 13. Qe2 Nc7 14. b3 Nb5 15.
Bb2 Nxd4 16. Bxd4 Bc5 17. Bb2 Qc7 18. Nd2 Rfd8 19. Rac1 Qb8 20. Nf3 Bd6 21.
Rxc8 Rxc8 22. Qd2 Bc7 23. Qg5 e5 24. Nxe5 f6 25. Nxd7 Nxd7 26. Qd5+ 1-0

[Event "Quebec op"]
[Site "Longueuil CAN"]
[Date "2019.07.21"]
[Round "2.4"]
[White "Tanaka, Tyler"]
[Black "Vera, Reynaldo"]
[Result "0-1"]
[WhiteElo "2109"]
[BlackElo "2424"]
[PlyCount "84"]
[EventDate "2019.07.20"]
[EventType "swiss"]
[EventRounds "9"]
[EventCountry "CAN"]

1. Nf3 d5 2. g3 c6 3. Bg2 Nf6 4. O-O Bg4 5. d3 Nbd7 6. c4 e6 7. b3 Bd6 8. Bb2
h5 9. h3 Bxf3 10. Bxf3 h4 11. g4 Bb8 12. Bg2 Qc7 13. f4 Qb6+ 14. Kh1 g5 15. Qd2
d4 16. b4 gxf4 17. c5 Qc7 18. Bf3 e5 19. Na3 Nf8 20. Nc4 Ne6 21. b5 Ng5 22. Bg2
Kf8 23. bxc6 bxc6 24. Nd6 Nd5 25. Ba3 Qd7 26. Bxd5 Bxd6 27. cxd6 cxd5 28. Kg2
Rg8 29. Rg1 Rd8 30. Rac1 Kg7 31. Qa5 Qe6 32. Qa4 f3+ 33. exf3 Qf6 34. Qd1 Qf4
35. Rh1 Qg3+ 36. Kf1 Nxf3 37. Rc8 Rxc8 38. Qe2 e4 39. dxe4 dxe4 40. d7 Rcd8 41.
Bb2 Rxd7 42. a4 a5 0-1

[Event "Quebec op"]
[Site "Longueuil CAN"]
[Date "2019.07.21"]
[Round "2.5"]
[White "Chiku-Ratte, Olivier-Kenta"]
[Black "Ouellet, Maili-Jade"]
[Result "1/2-1/2"]
[WhiteElo "2364"]
[BlackElo "2079"]
[PlyCount "195"]
[EventDate "2019.07.20"]
[EventType "swiss"]
[EventRounds "9"]
[EventCountry "CAN"]

1. d4 Nf6 2. c4 e5 3. d5 Bc5 4. Nc3 d6 5. g3 O-O 6. Bg2 c6 7. Na4 Bb4+ 8. Bd2
Bxd2+ 9. Qxd2 cxd5 10. cxd5 b5 11. Nc3 b4 12. Nd1 Na6 13. Ne3 Bb7 14. Nh3 Qd7
15. O-O Rab8 16. f4 Nc7 17. fxe5 dxe5 18. Rad1 Rfd8 19. Nf5 Nfe8 20. e4 f6 21.
Nf2 Ba6 22. Bh3 Qf7 23. Rfe1 Nd6 24. Nxd6 Rxd6 25. Qe3 Rbb6 26. Qc5 Qe7 27. Kg2
Bb7 28. Rc1 Na6 29. Qc4 g6 30. Kg1 Kg7 31. Nd3 Rd8 32. Nc5 Qxc5+ 33. Qxc5 Nxc5
34. Rxc5 h5 35. Rc7+ Kh6 36. Be6 f5 37. exf5 Bxd5 38. Rxe5 Bxe6 39. fxe6 Re8
40. e7 Ra6 41. Rb7 Rxa2 42. Rxb4 Kg7 43. Rb7 Kf7 44. Kf2 a5 45. Re3 Kf6 46. Kf3
Ra4 47. Re2 Ra2 48. h4 Ra4 49. Re4 Ra1 50. Ke2 Rg1 51. Re3 Rc1 52. Kd3 Rc5 53.
Kd4 Rc2 54. Kd5 Kf7 55. Rf3+ Kg7 56. Rd3 Kf7 57. Kd6 Re2 58. Rf3+ Kg7 59. b3
Re4 60. Ra7 Re2 61. Rc7 Rd2+ 62. Ke6 Re2+ 63. Kd6 Rd2+ 64. Ke5 Re2+ 65. Kd4
R8xe7 66. Rc6 R2e4+ 67. Kd3 Rb4 68. Kc2 a4 69. bxa4 Rxa4 70. Rc8 Rg4 71. Kd3
Rf7 72. Re3 Rd7+ 73. Ke2 Rgd4 74. Rc2 Rf7 75. Rc6 Rg4 76. Rc5 Kh6 77. Rc8 Kg7
78. Rb8 Kh7 79. Rbb3 Kg7 80. Re6 Kh7 81. Rbe3 Kg7 82. Re7 Rxe7 83. Rxe7+ Kf6
84. Re3 Kf5 85. Kf3 Ra4 86. Rc3 Rg4 87. Rc5+ Kf6 88. Rc8 Kf5 89. Rf8+ Ke5 90.
Re8+ Kf5 91. Re7 Kf6 92. Re4 Rxe4 93. Kxe4 Ke6 94. Kf4 Kf6 95. g4 hxg4 96. Kxg4
Kg7 97. h5 gxh5+ 98. Kxh5 1/2-1/2

[Event "Quebec op"]
[Site "Longueuil CAN"]
[Date "2019.07.21"]
[Round "2.6"]
[White "Luksza, Arkadiusz"]
[Black "Perez Rodriguez, Luis Manuel"]
[Result "0-1"]
[WhiteElo "2098"]
[BlackElo "2348"]
[PlyCount "59"]
[EventDate "2019.07.20"]
[EventType "swiss"]
[EventRounds "9"]
[EventCountry "CAN"]

1. d4 d5 2. c4 e6 3. Nc3 a6 4. e3 Nf6 5. Nf3 Nbd7 6. Qc2 dxc4 7. Bxc4 b5 8. Be2
Bb7 9. O-O c5 10. dxc5 Bxc5 11. a3 Rc8 12. b4 Ba7 13. Bb2 Qc7 14. Rac1 O-O 15.
Qb3 Qb8 16. h3 Ne5 17. e4 Nc4 18. Bxc4 Rxc4 19. Nd2 Rcc8 20. Qd1 Rfd8 21. Qe2
Nh5 22. Qxh5 Rxd2 23. Ba1 Rxf2 24. Rxf2 Bxf2+ 25. Kh1 Bd4 26. Qd1 Qe5 27. Qd2
h6 28. Bb2 f5 29. exf5 Qg3 30. Qe2 0-1

[Event "Quebec op"]
[Site "Longueuil CAN"]
[Date "2019.07.21"]
[Round "2.7"]
[White "Cummings, David"]
[Black "Manley, Jason"]
[Result "1-0"]
[WhiteElo "2340"]
[BlackElo "2025"]
[PlyCount "103"]
[EventDate "2019.07.20"]
[EventType "swiss"]
[EventRounds "9"]
[EventCountry "CAN"]

1. c4 Nf6 2. Nc3 b6 3. e4 d6 4. d4 Bb7 5. Bd3 Nbd7 6. Nf3 c5 7. d5 g6 8. h3 Bg7
9. Bg5 a6 10. a4 Qc7 11. Qd2 h6 12. Be3 g5 13. h4 g4 14. Nh2 h5 15. f3 O-O-O
16. Be2 gxf3 17. gxf3 Rdg8 18. O-O-O Ne5 19. Rdg1 Kb8 20. Nf1 Bc8 21. Ng3 Ka8
22. Kb1 Bd7 23. Nf5 Bxf5 24. exf5 Qd7 25. Qc2 Qc8 26. Bg5 Qd7 27. Rg2 Nh7 28.
Rhg1 Bf6 29. Bd2 Qc8 30. f4 Ng4 31. Bxg4 hxg4 32. Rxg4 Bxh4 33. Rxg8 Rxg8 34.
Rh1 Rg4 35. a5 b5 36. cxb5 axb5 37. Nxb5 Nf6 38. Nc3 Bf2 39. Na4 Qb7 40. Nb6+
Ka7 41. Rh8 Rg1+ 42. Ka2 Rg8 43. Rxg8 Nxg8 44. Bc3 Bh4 45. Qg2 Qb8 46. Qe2 Qe8
47. b4 cxb4 48. Bd4 Bf6 49. Bf2 Nh6 50. Nd7+ Kb7 51. Qb5+ Kc7 52. Qc6+ 1-0